LEADER 00995nam a2200241 i 4500 001 000000178460 003 CaOOAMICUS 005 20250527150121.0 008 090321s1981 it u000 u fre u 040 $aSeMil$bita 100 1 $aChamoux, François.$0(OLS)http://semarc/name/41745 245 13$aLa civilisation hellénistique /$cFrançois Chamoux. 264 1$aParis :$bB. Arthaud,$c1981. 300 $a630 p. ;$c23 cm. 490 1 $aLes grandes civilisations 500 $aIn mezzo al front: 243 illustrations ; 15 planches en couleurs ; 39 cartes et plans. 650 4$aCiviltà ellenistica.$0(OLS)http://semarc/subject/4275 830 4$aLes grandes civilisations.$0(OLS)http://semarc/title/27676 850 $aSeMil 852 $aSeMil$W1$xVenegono$y1$m3S II 96$j257559$B129237$CSeMilBibl$Z2$F140420 $81 996 $6245$aLa civilisation hellénistique$9(OLS)http://semarc/title/256321 996 $6264$aParis :$bB. Arthaud$9(OLS)http://semarc/publisher/35410 LEADER 01233nam a2200229 i 4500 001 000000159381 003 CaOOAMICUS 005 20110415000000.0 008 110415s1889 it u000 u ita u 013 $a136744 040 $aSeMil$bita 245 10$aSe la felicità dell'uomo sia alcun che di creato o di increato :$bdissertazione letta nell'Accademia romana di S. Tommaso d'Aquino dal sac. Ernesto Fontana, membro dell'Accademia stessa. 260 $aRoma :$bTipografia A. Befani,$c1889. 300 $a18 p. ;$c23 cm. 500 $aEstratto da : L'Accademia romana di S. Tommaso d'Aquino, a. 9., fasc. 1. 650 4$aFelicità - Filosofia.$0(OLS)http://semarc/subject/17179 700 1 $aFontana, Ernesto,$c.$0(OLS)http://semarc/name/21459 773 0 $t[Opuscoli.$w()24619 850 $aSeMil 852 $aSeMil$W1$xVenegono$y1$m5A II 26/3 FA$j110938$B110938$CSeMilBibl$Z2$F120590 $8I 996 $6245$aSe la felicità dell'uomo sia alcun che di creato o di increato :$bdissertazione letta nell'Accademia romana di S. Tommaso d'Aquino dal sac. Ernesto Fontana, membro dell'Accademia stessa$9(OLS)http://semarc/title/141342 996 $6260$aRoma :$bTipografia A. Befani$9(OLS)http://semarc/publisher/30359